000 01383nam a22002417a 4500
001 2162214035925986
003 UA-OsUOA
005 20250520140701.0
008 250520b -us||||| |||| 00| 0 eng d
020 _a088411502X
040 _aUA-OsUOA
_bukr
_cUA-OsUOA
_dUA-OsUOA
041 _aeng
080 _a821.111(73)
090 _a821.111(73)
_bB87
100 _aBromfield L.
_920458
245 _aMrs. Parkington
_cLouis Bromfield
260 _aMattituck
_bAeonian Press, Inc.
_c1976
300 _a330 p.
520 _aShe was a fabulously rich, fantastically famous old woman, wordly and indomitable. Within her own lifetime she had become almost a legendary figure -- stormy, glittering, tragic, but never dull. Married at 17 to one of the most colorful and ruthless of the great robber barons, she had known both the famous and interestingly infamous of two continents; had seen the gaudy world of the great Fifth Aeneue chateaux come into being, flourish, and decay; and now observed with wise, weary eyes the mad, turbulent world of the 20th century. At 84, she still had more zest for life than any of her descendents, all of whom--with the exception of her great-grand-daughter Janie--she privately despised
650 _a821 Художня література окремими мовами і мовними сім'ями
942 _cBK
_2udc
955 _a3
999 _c278849
_d278849